| Tag |
First Indicator |
Second Indicator |
Subfields |
| LEADER |
00000cam a2200000Ma 4500 |
| 001 |
in00003553413 |
| 006 |
m o d |
| 007 |
cr |n||||||||| |
| 008 |
050429s2004 gw a ob 000 0 eng d |
| 005 |
20260421170233.8 |
| 010 |
|
|
|a 2005433969
|
| 016 |
7 |
|
|a 971855781
|2 DE-101
|
| 019 |
|
|
|a 851823989
|
| 020 |
|
|
|a 9783322809315 (electronic bk.)
|
| 020 |
|
|
|a 3322809315 (electronic bk.)
|
| 020 |
|
|
|z 3810038423
|
| 020 |
|
|
|z 9783810038425
|
| 035 |
|
|
|a (OCoLC)828771797
|z (OCoLC)851823989
|
| 040 |
|
|
|a VT2
|b eng
|c VT2
|d OCLCO
|d AU@
|d GW5XE
|d OCLCF
|d OCLCO
|d UtOrBLW
|
| 043 |
|
|
|a e-ge---
|a a-is---
|
| 049 |
|
|
|a TXAM
|
| 050 |
|
4 |
|a JA1-92
|
| 072 |
|
7 |
|a JPA
|2 bicssc
|
| 072 |
|
7 |
|a POL000000
|2 bisacsh
|
| 082 |
0 |
4 |
|a 320
|2 23
|
| 245 |
0 |
0 |
|a Democratic development? :
|b East German, Israeli and Palestinian adolescents /
|c Hilke Rebenstorf (ed.).
|
| 250 |
|
|
|a 1. Aufl.
|
| 264 |
|
1 |
|a Wiesbaden :
|b VS Verlag für Sozialwissenschaften,
|c 2004.
|
| 300 |
|
|
|a 1 online resource (294 pages) :
|b illustrations
|
| 336 |
|
|
|a text
|b txt
|2 rdacontent
|
| 337 |
|
|
|a computer
|b c
|2 rdamedia
|
| 338 |
|
|
|a online resource
|b cr
|2 rdacarrier
|
| 504 |
|
|
|a Includes bibliographical references (pages [277]- 294).
|
| 520 |
|
|
|a How much are young people interested in politics? Are they ready for political participation? What do they think about democracy, in general as well as about the one they experience? How do their attitudes develop and to what extent are their views influenced by their parents?
|
| 500 |
|
|
|a Electronic resource.
|
| 650 |
|
0 |
|a Youth
|x Political activity
|z Germany (East)
|
| 650 |
|
0 |
|a Youth
|x Political activity
|z Israel.
|
| 650 |
|
0 |
|a Youth
|x Political activity
|z Palestine.
|
| 650 |
|
0 |
|a Political socialization
|z Germany (East)
|
| 650 |
|
0 |
|a Political socialization
|z Israel.
|
| 650 |
|
0 |
|a Political socialization
|z Palestine.
|
| 650 |
|
0 |
|a Democracy
|z Germany (East)
|
| 650 |
|
0 |
|a Democracy
|z Israel.
|
| 650 |
|
0 |
|a Democracy
|z Palestine.
|
| 650 |
|
7 |
|a Democracy.
|2 fast
|0 (OCoLC)fst00890077
|
| 650 |
|
7 |
|a Political socialization.
|2 fast
|0 (OCoLC)fst01069868
|
| 650 |
|
7 |
|a Youth
|x Political activity.
|2 fast
|0 (OCoLC)fst01183486
|
| 651 |
|
7 |
|a Germany (East)
|2 fast
|0 (OCoLC)fst01210274
|
| 651 |
|
7 |
|a Israel.
|2 fast
|0 (OCoLC)fst01204236
|
| 651 |
|
7 |
|a Middle East
|z Palestine.
|2 fast
|0 (OCoLC)fst01207534
|
| 655 |
|
7 |
|a Electronic books.
|2 local
|
| 700 |
1 |
|
|a Rebenstorf, Hilke,
|d 1960-
|
| 710 |
2 |
|
|a SpringerLink (Online service)
|
| 776 |
1 |
8 |
|i Print version:
|z 9783810038425
|
| 856 |
4 |
0 |
|u http://proxy.library.tamu.edu/login?url=https://link.springer.com/10.1007/978-3-322-80931-5
|z Connect to the full text of this electronic book
|t 0
|
| 994 |
|
|
|a 92
|b TXA
|
| 999 |
|
|
|a MARS
|
| 999 |
f |
f |
|s 63b85ab8-f64e-34ba-b472-866cbc511ba7
|i 07ee8edf-0f69-3dc5-a2a8-4e3c012532d9
|t 0
|
| 952 |
f |
f |
|a Texas A&M University
|b College Station
|c Electronic Resources
|s www_evans
|d Available Online
|t 0
|e JA1-92
|h Library of Congress classification
|
| 998 |
f |
f |
|a JA1-92
|t 0
|l Available Online
|